[Event "DVM U12 2012"]
[Site "Verden/Aller GER"]
[Date "2012.12.28"]
[Round "3"]
[White "Dürr, Florian"]
[Black "Baberz, Alexander"]
[Result "1/2-1/2"]
[Termination "normal"]
[Board "1.1"]
[WhiteElo "1880"]
[BlackElo "1807"]
[WhiteTeam "SC Erlangen 48/88"]
[BlackTeam "Hamburger SK von 1830"]
[WhiteFideId "24659134"]
[BlackFideId "12921734"]
[EventCountry "GER"]
[EventRounds "7"]
[EventType "team-swiss"]
[EventDate "2012.12.26"]

1. c4 e6 2. g3 d5 3. Bg2 c5 4. cxd5 exd5 5. Nf3 Nc6 6. d4 Nf6 7. O-O Be6 8. Nc3
Be7 9. dxc5 Bxc5 10. Bg5 Be7 11. Nd4 O-O 12. Qd2 Qd7 13. Rfd1 Rfd8 14. Nb3 Qe8
15. Rac1 Ne4 16. Bxe4 dxe4 17. Qe3 Bxg5 18. Qxg5 Bxb3 19. axb3 Qe6 20. Qb5 Nd4
21. Qxb7 Rdb8 22. Qc7 Rc8 23. Qf4 Nxb3 24. Rd6 Qc4 25. Rcd1 Re8 26. Rd7 Nc5 27.
Rc7 Rec8 28. Rdd7 Nxd7 29. Rxc4 Rxc4 1/2-1/2

[Event "DVM U12 2012"]
[Site "Verden/Aller GER"]
[Date "2012.12.28"]
[Round "3"]
[White "Rogozenco, Teodora"]
[Black "Tong, Kevin"]
[Result "1-0"]
[Termination "normal"]
[Board "1.2"]
[WhiteElo "1719"]
[BlackElo "1637"]
[WhiteTeam "Hamburger SK von 1830"]
[BlackTeam "SC Erlangen 48/88"]
[WhiteFideId "12938084"]
[BlackFideId "12913944"]
[EventCountry "GER"]
[EventRounds "7"]
[EventType "team-swiss"]
[EventDate "2012.12.26"]

1. d4 Nf6 2. Nf3 g6 3. Bg5 Bg7 4. Nbd2 d5 5. c3 O-O 6. e3 Nbd7 7. Bd3 c5 8. O-O
b6 9. Qe2 Bb7 10. Rac1 Rc8 11. b4 Ne4 12. Bf4 e6 13. Ba6 Bxa6 14. Qxa6 Qe7 15.
bxc5 Rfd8 16. Nxe4 dxe4 17. Bd6 Qf6 18. Ne5 Nxe5 19. Bxe5 Qe7 20. Bxg7 Kxg7 21.
cxb6 Rc6 22. Qxa7 Qxa7 23. bxa7 Ra8 24. Rc2 Rxa7 25. Rb1 Kf6 26. Kf1 Rc4 27.
Rb4 Rc6 28. Ke2 Ke7 29. a4 Kd6 30. c4 Rc8 31. c5+ Kd7 32. Ra2 Rc6 33. Rb6 Rc8
34. a5 Rcc7 35. a6 h5 36. Kd2 Ke7 37. Kc3 Kd7 38. Kb4 Ke7 39. Ka5 Kd7 40. Rab2
Ke7 41. Rb7 Kd7 42. Rxa7 Rxa7 43. Rb7+ Rxb7 44. axb7 Kc7 45. Ka6 Kb8 46. Kb6 f5
47. c6 g5 48. c7# 1-0

[Event "DVM U12 2012"]
[Site "Verden/Aller GER"]
[Date "2012.12.28"]
[Round "3"]
[White "Wegmann, Simon"]
[Black "Engel, Luis"]
[Result "1/2-1/2"]
[Termination "normal"]
[Board "1.3"]
[WhiteElo "1709"]
[BlackElo "1732"]
[WhiteTeam "SC Erlangen 48/88"]
[BlackTeam "Hamburger SK von 1830"]
[WhiteFideId "1270758"]
[BlackFideId "12961523"]
[EventCountry "GER"]
[EventRounds "7"]
[EventType "team-swiss"]
[EventDate "2012.12.26"]

1. e4 c5 2. c4 Nc6 3. Nc3 g6 4. g3 Bg7 5. Bg2 d6 6. Nge2 e6 7. O-O Nge7 8. Rb1
O-O 9. d3 Nd4 10. Be3 Nec6 11. Qd2 Bd7 12. Bh6 Ne5 13. Nxd4 cxd4 14. Bxg7 dxc3
15. Qxc3 Kxg7 16. f4 Qb6+ 17. Kh1 f6 18. fxe5 fxe5 19. Rbd1 Rxf1+ 20. Rxf1 Qd4
21. Qd2 h6 22. b3 Bc6 23. Qe2 Rf8 24. Rxf8 Kxf8 25. h4 Qa1+ 26. Kh2 Kg7 27. Qg4
Bd7 28. Qe2 Qc3 29. Qe3 1/2-1/2

[Event "DVM U12 2012"]
[Site "Verden/Aller GER"]
[Date "2012.12.28"]
[Round "3"]
[White "Pajeken, Jakob Leon"]
[Black "Tschammer, Kai"]
[Result "1-0"]
[Termination "normal"]
[Board "1.4"]
[WhiteElo "1475"]
[BlackElo "1605"]
[WhiteTeam "Hamburger SK von 1830"]
[BlackTeam "SC Erlangen 48/88"]
[WhiteFideId "12942839"]
[BlackFideId "12939099"]
[EventCountry "GER"]
[EventRounds "7"]
[EventType "team-swiss"]
[EventDate "2012.12.26"]

1. e4 e5 2. Nf3 Nc6 3. Bb5 Nf6 4. Nc3 Bb4 5. O-O d6 6. Nd5 Bc5 7. d4 exd4 8. b4
Bb6 9. Bg5 h6 10. Bxf6 gxf6 11. Nxb6 axb6 12. Nxd4 Bd7 13. Nxc6 bxc6 14. Bc4 b5
15. Bb3 Qe7 16. c3 Rg8 17. Qd3 O-O-O 18. a4 d5 19. axb5 dxe4 20. Qe3 Bg4 21.
bxc6 Kb8 22. Qa7+ Kc8 23. Qb7# 1-0

[Event "DVM U12 2012"]
[Site "Verden/Aller GER"]
[Date "2012.12.28"]
[Round "3"]
[White "Kololli, Kevin"]
[Black "Balazs, Balint"]
[Result "1-0"]
[Termination "normal"]
[Board "2.1"]
[WhiteElo "1827"]
[BlackElo "1832"]
[WhiteTeam "Lübecker SV von 1873"]
[BlackTeam "Hagener SV"]
[WhiteFideId "12936863"]
[BlackFideId "12922757"]
[EventCountry "GER"]
[EventRounds "7"]
[EventType "team-swiss"]
[EventDate "2012.12.26"]

1. e4 c5 2. Nf3 Nc6 3. d4 cxd4 4. Nxd4 e6 5. Nc3 Nf6 6. Be3 Bb4 7. Bd3 d5 8.
Nxc6 bxc6 9. e5 Nd7 10. Qg4 Bf8 11. f4 a6 12. O-O c5 13. Bf2 Bb7 14. Rae1 Qc7
15. Bg3 O-O-O 16. b3 h5 17. Qe2 Qa5 18. Nb1 Be7 19. h3 h4 20. Bh2 Nb6 21. Kh1
Kb8 22. f5 Ka8 23. fxe6 fxe6 24. Qg4 c4 25. bxc4 dxc4 26. Be4 Bxe4 27. Qxe4+
Qd5 28. Qxd5+ Nxd5 29. Nd2 Bb4 30. Re2 Rhf8 31. Rxf8 Rxf8 32. Nf3 Nc3 33. Re1
Nxa2 34. Ra1 Nc3 35. Rxa6+ Kb7 36. Rxe6 Rd8 37. Bg1 Nd5 38. Rg6 Bf8 39. Nxh4
Nb4 40. c3 Nd5 41. Bd4 Nf4 42. Rb6+ Kc8 43. Rc6+ Kb7 44. Rxc4 Ne2 45. Ra4 Nxd4
46. cxd4 Kc6 47. Nf3 Rb8 48. Kh2 Rb7 49. Kg3 Bb4 50. Kf4 Kd5 51. Ra8 Rd7 52.
Rb8 Rf7+ 53. Ke3 Ba3 54. Rd8+ Kc6 55. Ke4 Kc7 56. Ra8 Kb7 57. Rxa3 1-0

[Event "DVM U12 2012"]
[Site "Verden/Aller GER"]
[Date "2012.12.28"]
[Round "3"]
[White "Hoppe, Andreas"]
[Black "Kololli, Martin"]
[Result "0-1"]
[Termination "normal"]
[Board "2.2"]
[WhiteElo "1751"]
[BlackElo "1816"]
[WhiteTeam "Hagener SV"]
[BlackTeam "Lübecker SV von 1873"]
[WhiteFideId "12922811"]
[BlackFideId "12936910"]
[EventCountry "GER"]
[EventRounds "7"]
[EventType "team-swiss"]
[EventDate "2012.12.26"]

1. e4 e5 2. Bc4 Nf6 3. d3 Nc6 4. Nc3 Bc5 5. f4 d6 6. Nf3 Bg4 7. Na4 Qe7 8. Nxc5
dxc5 9. O-O O-O-O 10. Be3 Nxe4 11. Qe1 Nf6 12. Nxe5 Nxe5 13. fxe5 Nd5 14. Qg3
Be6 15. Bg5 f6 16. exf6 gxf6 17. Bxd5 fxg5 18. Bxe6+ Qxe6 19. Qxg5 c4 20. Rae1
Qb6+ 21. Qe3 cxd3 22. cxd3 Rxd3 23. Qxb6 axb6 24. Re2 Rhd8 25. Rf7 R3d7 26.
Rxd7 Rxd7 27. Re8+ Rd8 28. Rxd8+ Kxd8 29. Kf2 Ke7 30. Ke3 Kd6 31. Ke4 b5 32. g4
b4 33. h4 c5 34. g5 c4 35. h5 Ke6 36. g6 hxg6 37. hxg6 Kf6 38. Kd4 b5 39. a4 c3
40. bxc3 b3 41. axb5 b2 42. c4 b1=Q 43. Kc5 Qxg6 44. b6 Qe8 45. b7 Ke6 46. Kb6
Qb8 47. c5 Kd5 48. c6 Kd6 49. Kb5 Qa7 0-1

[Event "DVM U12 2012"]
[Site "Verden/Aller GER"]
[Date "2012.12.28"]
[Round "3"]
[White "Rieß, Alexander"]
[Black "Laubrock, Paul"]
[Result "1/2-1/2"]
[Termination "normal"]
[Board "2.3"]
[WhiteElo "1510"]
[BlackElo "1648"]
[WhiteTeam "Lübecker SV von 1873"]
[BlackTeam "Hagener SV"]
[WhiteFideId "12953326"]
[BlackFideId "1270509"]
[EventCountry "GER"]
[EventRounds "7"]
[EventType "team-swiss"]
[EventDate "2012.12.26"]

1. Nf3 d5 2. g3 Nc6 3. d4 Bf5 4. c3 Qd7 5. Bf4 O-O-O 6. a4 f6 7. h4 Re8 8. b4
e5 9. Be3 exd4 10. Nxd4 Bxb1 11. Qxb1 Nxd4 12. Bxd4 Kb8 13. Bh3 Qd8 14. b5 Bd6
15. a5 Be5 16. Qd3 Qe7 17. e3 Bxd4 18. Qxd4 Qe4 19. Ke2 Qxd4 20. cxd4 Ne7 21.
Kd3 Nc8 22. Bg2 Nd6 23. Rab1 Ne4 24. Bxe4 Rxe4 25. Rhc1 Rhe8 26. Rc5 Rd8 27.
Rbc1 Re7 28. R1c2 Rd6 29. R2c3 Red7 30. Rc2 g6 31. Rc1 h6 32. Ke2 b6 33. axb6
Rxb6 34. Kd3 a6 35. bxa6 Rxa6 36. Rc6 Rxc6 37. Rxc6 Rd6 38. Rxd6 cxd6 39. f3
Kc8 40. Kc2 Kd7 41. Kb3 Kc6 42. Ka4 Kb6 43. Kb4 Kc6 44. Ka5 f5 45. f4 Kc7 46.
Ka6 Kc6 47. Ka5 1/2-1/2

[Event "DVM U12 2012"]
[Site "Verden/Aller GER"]
[Date "2012.12.28"]
[Round "3"]
[White "Pitzer, Alexander"]
[Black "Tiedemann, Fin Niklas"]
[Result "0-1"]
[Termination "normal"]
[Board "2.4"]
[WhiteElo "1499"]
[BlackElo "1471"]
[WhiteTeam "Hagener SV"]
[BlackTeam "Lübecker SV von 1873"]
[WhiteFideId "12922838"]
[BlackFideId "12936936"]
[EventCountry "GER"]
[EventRounds "7"]
[EventType "team-swiss"]
[EventDate "2012.12.26"]

1. e4 e5 2. Bc4 Nf6 3. Nc3 Bc5 4. d3 d6 5. Bg5 h6 6. Bh4 Nc6 7. Nd5 g5 8. Bg3
Be6 9. Nxf6+ Qxf6 10. Bxe6 fxe6 11. Qh5+ Kd7 12. Nf3 Raf8 13. h4 Nd4 14. Kd2
Nxf3+ 15. gxf3 gxh4 16. Rxh4 Qxf3 17. Qxf3 Rxf3 18. Ke2 Rf6 19. Rah1 Rg6 20.
R4h3 Ke7 21. f4 exf4 22. Bxf4 Rg2+ 23. Kd1 Rf8 24. R3h2 Rg1+ 25. Ke2 Rxf4 26.
Rxh6 Rfg4 27. Rh7+ Rg7 28. Rxg7+ Rxg7 29. Rh8 Bb6 30. b4 Bd4 31. Rb8 Bb6 32.
Rxb7 Rg8 33. a4 Kd7 34. a5 Kc6 35. a6 Kb5 36. c4+ Kxa6 37. Rxa7+ Kxa7 38. b5
Bd4 39. Kf3 e5 40. Ke2 Rf8 41. Kd2 Rf2+ 42. Kd1 Kb6 43. Kc1 Kc5 44. b6 cxb6 45.
Kb1 Kb4 46. Kc1 Bb2+ 47. Kd1 Kc3 48. c5 bxc5 49. d4 cxd4 50. Ke1 Rd2 51. Kf1
Kd3 52. Ke1 Ke3 53. Kf1 Re2 54. Kg1 d3 55. Kf1 d2 56. Kg1 d1=Q# 0-1

[Event "DVM U12 2012"]
[Site "Verden/Aller GER"]
[Date "2012.12.28"]
[Round "3"]
[White "Biastoch, Bennet"]
[Black "Schnabel, Bennett"]
[Result "1/2-1/2"]
[Termination "normal"]
[Board "3.1"]
[WhiteElo "1549"]
[BlackElo "1708"]
[WhiteTeam "SG Aufbau Elbe Magdeburg"]
[BlackTeam "SG Grün-Weiß Baumschulenweg"]
[WhiteFideId "12939889"]
[BlackFideId "12943290"]
[EventCountry "GER"]
[EventRounds "7"]
[EventType "team-swiss"]
[EventDate "2012.12.26"]

1. e4 c5 2. Nf3 Nc6 3. d4 cxd4 4. Nxd4 g6 5. Nc3 Bg7 6. Be3 Nf6 7. Bc4 Qa5 8.
f3 Qb4 9. Bb3 Nxe4 10. Nxc6 Bxc3+ 11. bxc3 Qxc3+ 12. Ke2 Qxc6 13. fxe4 Qxe4 14.
Qd5 Qxd5 15. Bxd5 e6 16. Bf3 d5 17. Bd4 O-O 18. Bf6 b6 19. h4 Ba6+ 20. Kd2 Rac8
21. h5 Rc7 22. Bg4 Re8 23. Rae1 Rc6 24. Re3 Rd6 25. Rhe1 Bc8 26. Re5 h6 27.
hxg6 fxg6 28. Rh1 h5 29. Be2 a6 30. g4 hxg4 31. Bxg4 Kf7 32. Rf1 Kg8 1/2-1/2

[Event "DVM U12 2012"]
[Site "Verden/Aller GER"]
[Date "2012.12.28"]
[Round "3"]
[White "Hesse, Henrik"]
[Black "Roseneck, Jonas"]
[Result "1/2-1/2"]
[Termination "normal"]
[Board "3.2"]
[WhiteElo "1511"]
[BlackElo "1710"]
[WhiteTeam "SG Grün-Weiß Baumschulenweg"]
[BlackTeam "SG Aufbau Elbe Magdeburg"]
[WhiteFideId "12952060"]
[BlackFideId "12939870"]
[EventCountry "GER"]
[EventRounds "7"]
[EventType "team-swiss"]
[EventDate "2012.12.26"]

1. e4 c5 2. Nf3 d6 3. d4 cxd4 4. Nxd4 Nf6 5. Nc3 a6 6. f4 e6 7. Be2 Nbd7 8. Be3
b5 9. a3 Bb7 10. Bf3 Nb6 11. Rb1 Nc4 12. Bf2 Be7 13. O-O O-O 14. Re1 Nb6 15.
Qe2 Re8 16. Kh1 Qc7 17. Nb3 d5 18. e5 Nfd7 19. Bd4 Nc4 20. f5 Nc5 21. f6 Bf8
22. fxg7 Bxg7 23. Nxc5 Rac8 24. Nxb7 Qxb7 25. Bh5 Qe7 26. Rf1 Rc7 27. Qg4 Nd2
28. Bxf7+ Kh8 29. Bxe8 Qxe8 30. Rbd1 Nxf1 31. Rxf1 Rf7 32. Rxf7 Qxf7 33. Qf3
Qg6 34. Qf2 h6 35. h3 Qg5 36. Qe3 Qg6 37. Qe2 Qg5 38. Qg4 Qc1+ 39. Kh2 Qf1 40.
Qf3 Qc1 41. Qg4 Qf1 42. Qxe6 Qf4+ 43. Kh1 Qxd4 44. Qxd5 Qh4 45. Qe4 Qf2 46. e6
Bd4 47. Ne2 Bb6 48. Qa8+ Kh7 49. Qb7+ Kg6 50. Qf7+ Qxf7 51. exf7 Kxf7 52. Kh2
Bc7+ 53. g3 Be5 54. c3 Ke6 55. Nf4+ Kd6 56. Kg2 Bf6 57. Nd3 Kd5 58. Kf3 Kc4 59.
Ke4 Bg7 60. Ke3 Bf6 61. Kd2 Bg5+ 1/2-1/2

[Event "DVM U12 2012"]
[Site "Verden/Aller GER"]
[Date "2012.12.28"]
[Round "3"]
[White "Rößler, Linus Benedict"]
[Black "Petersen, Marcel"]
[Result "1-0"]
[Termination "normal"]
[Board "3.3"]
[WhiteElo "1566"]
[BlackElo "1582"]
[WhiteTeam "SG Aufbau Elbe Magdeburg"]
[BlackTeam "SG Grün-Weiß Baumschulenweg"]
[WhiteFideId "12921076"]
[BlackFideId "12935670"]
[EventCountry "GER"]
[EventRounds "7"]
[EventType "team-swiss"]
[EventDate "2012.12.26"]

1. e4 e5 2. Nf3 Nc6 3. Bc4 Bc5 4. c3 Nf6 5. d4 exd4 6. cxd4 Bb4+ 7. Bd2 Bxd2+
8. Nbxd2 d5 9. exd5 Nxd5 10. Qb3 Qe7+ 11. Kf1 Nf4 12. Re1 Ne6 13. d5 Ncd8 14.
dxe6 Bxe6 15. Bxe6 fxe6 16. Nd4 Kf7 17. Qf3+ Ke8 18. Qe3 Kd7 19. f3 Re8 20. Kf2
Nc6 21. Nxc6 Kxc6 22. Qd4 b6 23. Qe4+ Kd7 24. Nb3 Qf6 25. Qd4+ Ke7 26. Qxf6+
Kxf6 27. Re4 Rad8 28. Rhe1 g5 29. R1e2 c5 30. Rd2 e5 31. Rxd8 Rxd8 32. Re2 Rd1
33. Rd2 Rb1 34. Rc2 Rh1 35. h3 Rd1 36. Nd2 Ra1 37. a3 Rd1 38. Ne4+ Kg6 39. Kg3
h5 40. Rd2 Rxd2 41. Nxd2 b5 42. Ne4 c4 43. Kf2 a6 44. Nc5 a5 45. Nb7 b4 46.
Nxa5 c3 47. bxc3 bxa3 48. Nb3 Kf5 49. c4 e4 50. c5 exf3 51. gxf3 Ke5 52. Ke2 a2
53. Ke3 Kd5 54. Kd3 h4 55. Kc3 a1=R 56. Nxa1 Kxc5 57. Kd3 Kd5 58. Ke3 Ke5 59.
Nc2 Kf5 60. Nd4+ Ke5 61. Nc6+ Kf5 62. Nb4 Ke5 63. Na2 Kf5 64. Nc1 Ke5 65. Nd3+
Kf5 66. Kd4 Kg6 67. Ke5 Kh6 68. Kf5 Kh5 69. Ne5 g4 70. fxg4+ Kh6 71. g5+ Kh5
72. g6 Kh6 73. Kf6 Kh5 74. g7 Kh6 75. g8=Q Kh5 76. Qg4+ Kh6 77. Qg5+ Kh7 78.
Qg6+ Kh8 79. Nf7# 1-0

[Event "DVM U12 2012"]
[Site "Verden/Aller GER"]
[Date "2012.12.28"]
[Round "3"]
[White "Hüls, Maximilian"]
[Black "Wagner, Tobias"]
[Result "0-1"]
[Termination "normal"]
[Board "3.4"]
[WhiteElo "1482"]
[BlackElo "1345"]
[WhiteTeam "SG Grün-Weiß Baumschulenweg"]
[BlackTeam "SG Aufbau Elbe Magdeburg"]
[WhiteFideId "12949698"]
[BlackFideId "12943452"]
[EventCountry "GER"]
[EventRounds "7"]
[EventType "team-swiss"]
[EventDate "2012.12.26"]

1. e4 e5 2. Nc3 Nf6 3. Nf3 Nc6 4. d4 exd4 5. Nxd4 Bb4 6. Nxc6 bxc6 7. Bd3 d5 8.
exd5 cxd5 9. O-O O-O 10. Bg5 c6 11. Qf3 Be7 12. h3 Be6 13. Rae1 c5 14. Qg3 g6
15. Bh6 Re8 16. Bb5 Bd7 17. Bxd7 Qxd7 18. Qf3 d4 19. Rxe7 Qxe7 20. Bg5 dxc3 21.
Bxf6 Qd6 22. Rd1 cxb2 23. Bxb2 Qe6 24. Qc3 f6 25. Qxc5 Rec8 26. Qa5 Rxc2 27.
Rd8+ Rxd8 28. Qxd8+ Kg7 29. Qd3 Rxb2 30. f4 Qe2 31. Qd7+ Kh6 32. Qg4 Qxg4 33.
hxg4 Rxa2 34. g5+ fxg5 35. fxg5+ Kxg5 36. Kh1 Kg4 37. Kg1 Kg3 38. Kf1 a6 39.
Kg1 Ra1# 0-1

[Event "DVM U12 2012"]
[Site "Verden/Aller GER"]
[Date "2012.12.28"]
[Round "3"]
[White "Enache, Rares"]
[Black "Teichmann, Felix"]
[Result "0-1"]
[Termination "normal"]
[Board "4.1"]
[WhiteElo "1463"]
[BlackElo "1830"]
[WhiteTeam "TuS Coswig 1920"]
[BlackTeam "Schachgemeinschaft Leipzig"]
[WhiteFideId "12976440"]
[BlackFideId "12927538"]
[EventCountry "GER"]
[EventRounds "7"]
[EventType "team-swiss"]
[EventDate "2012.12.26"]

1. f4 c5 2. e4 e6 3. d3 Ne7 4. Be2 d5 5. Be3 Qb6 6. b3 Nbc6 7. Nf3 g6 8. Nbd2
Bg7 9. Rb1 Nb4 10. Qc1 Nxa2 11. Qa3 Nb4 12. Rc1 Qd6 13. c3 Qa6 14. Qxa6 Nxa6
15. O-O b6 16. c4 Bb7 17. e5 Nf5 18. Bf2 Nb4 19. g4 Ne7 20. d4 Na6 21. dxc5
Nxc5 22. Ne1 Nd7 23. Rc2 g5 24. fxg5 Bxe5 25. Ng2 Nc6 26. Rfc1 Nd4 27. Bxd4
Bxd4+ 28. Kh1 O-O 29. Nf3 Bg7 30. Kg1 Ne5 31. Nxe5 Bxe5 32. Bf3 Rab8 33. cxd5
Bxd5 34. Bxd5 exd5 35. Rd2 Rbc8 36. Rcd1 d4 37. h4 Rc3 38. Rd3 Rfc8 39. Kf2
Rxd3 40. Rxd3 Rc3 41. Rxc3 dxc3 42. Ke3 Kf8 43. Kd3 Ke7 44. Ne3 Ke6 45. Nf5 a5
46. Ne3 b5 47. Nf5 a4 48. bxa4 bxa4 49. Ne3 a3 50. Nc2 a2 51. Kc4 Bg7 52. h5
Ke5 53. Kb3 Kf4 54. Kxa2 Kxg4 55. g6 hxg6 56. hxg6 fxg6 57. Kb1 g5 58. Kc1 Kf3
59. Kd1 Kf2 60. Ne1 g4 61. Nd3+ Kf1 62. Nf4 g3 63. Kc2 g2 64. Nh3 g1=Q 65. Nxg1
Kxg1 66. Kd3 Kf2 67. Kc2 Ke2 68. Kc1 Kd3 69. Kd1 Bh6 70. Ke1 c2 71. Kf2 c1=Q
72. Kg2 Qe3 73. Kh1 Qh3+ 74. Kg1 Be3# 0-1

[Event "DVM U12 2012"]
[Site "Verden/Aller GER"]
[Date "2012.12.28"]
[Round "3"]
[White "Halas, Julia"]
[Black "Kunath, Tim"]
[Result "1/2-1/2"]
[Termination "normal"]
[Board "4.2"]
[WhiteElo "1556"]
[BlackElo "1387"]
[WhiteTeam "Schachgemeinschaft Leipzig"]
[BlackTeam "TuS Coswig 1920"]
[WhiteFideId "12931810"]
[BlackFideId "12985074"]
[EventCountry "GER"]
[EventRounds "7"]
[EventType "team-swiss"]
[EventDate "2012.12.26"]

1. d4 f5 2. Nf3 Nf6 3. c4 g6 4. e3 Bg7 5. Be2 O-O 6. b3 d6 7. Bb2 Nc6 8. O-O
Nd7 9. Nbd2 e5 10. d5 Ncb8 11. b4 Nf6 12. Rc1 Nbd7 13. Qb3 Kh8 14. c5 a6 15.
cxd6 cxd6 16. b5 Nc5 17. Qc2 a5 18. Bxe5 dxe5 19. Qxc5 e4 20. Nd4 Qxd5 21. Qxd5
Nxd5 22. N2b3 a4 23. Nd2 Rd8 24. Rc4 Bxd4 25. Rxd4 Be6 26. Nb1 Nc7 27. Rxd8+
Rxd8 28. a3 Kg7 29. Rc1 Nd5 30. Rd1 Rc8 31. g3 Nc3 32. Nxc3 Rxc3 33. Rd6 Kf7
34. Rd4 Rxa3 35. Bc4 Bxc4 36. Rxc4 Ra1+ 37. Kg2 a3 38. Rc7+ Kg8 39. Rxb7 a2 40.
Ra7 Rb1 41. Rxa2 Rxb5 42. Ra7 Rb8 43. Re7 Rf8 44. Ra7 Rf7 45. Ra8+ Kg7 46. Ra6
Kh6 47. Re6 Kh5 48. h3 Kg5 49. Rd6 Kh6 50. Re6 Rc7 51. Rd6 Rc2 52. Re6 Rd2 53.
Re7 Rd3 54. Re6 Rd2 55. Re7 Rd3 56. Re6 Rd1 57. Re7 1/2-1/2

[Event "DVM U12 2012"]
[Site "Verden/Aller GER"]
[Date "2012.12.28"]
[Round "3"]
[White "Lehne, Arwin Hugo"]
[Black "Simon, Tim"]
[Result "1-0"]
[Termination "normal"]
[Board "4.3"]
[WhiteElo "1289"]
[BlackElo "1479"]
[WhiteTeam "TuS Coswig 1920"]
[BlackTeam "Schachgemeinschaft Leipzig"]
[WhiteFideId "12985090"]
[BlackFideId "12971740"]
[EventCountry "GER"]
[EventRounds "7"]
[EventType "team-swiss"]
[EventDate "2012.12.26"]

1. c4 Nf6 2. Nc3 g6 3. g3 c6 4. Bg2 Bg7 5. Nf3 O-O 6. O-O d5 7. cxd5 Nxd5 8. d4
Bf5 9. e4 Nxc3 10. bxc3 Bxe4 11. Re1 Bd5 12. Ba3 Re8 13. Ne5 f6 14. Nd3 Bf7 15.
Re3 Nd7 16. Qe2 e6 17. Bh3 f5 18. Rb1 Nb6 19. Nc5 Qd5 20. Bg2 Qc4 21. Nxb7 Qxe2
22. Rxe2 Nc4 23. Bb4 Rab8 24. Nc5 a5 25. Bxc6 Rec8 26. Bd7 Rd8 27. Bxe6 axb4
28. Bxf7+ Kxf7 29. Na6 Rb6 30. Nxb4 Nd6 31. f3 Nb5 32. Re3 Rc8 33. Nd5 Nxc3 34.
Re7+ Kf8 35. Nxb6 Bxd4+ 36. Kg2 Bxb6 37. Rxh7 Nxb1 38. Rh8+ Ke7 39. Rxc8 Bd4
40. a4 Nc3 41. a5 Nb5 42. a6 Nd6 43. a7 Bxa7 44. Rc7+ Kf6 45. Rxa7 Nf7 46. g4
Nh6 47. Rh7 Kg5 48. h4+ Kxh4 49. Rxh6+ Kg5 50. Rh8 f4 51. Rc8 Kh4 52. Kh2 Kg5
53. Kh3 Kh6 54. Rc5 Kh7 55. Kh4 Kh6 56. Rb5 Kg7 57. Kg5 Kh7 58. Rb2 Kg8 59. Kf6
1-0

[Event "DVM U12 2012"]
[Site "Verden/Aller GER"]
[Date "2012.12.28"]
[Round "3"]
[White "Knüpfer, Tim"]
[Black "von Koslowski, Wilhelm"]
[Result "1-0"]
[Termination "normal"]
[Board "4.4"]
[WhiteElo "1348"]
[BlackElo "1281"]
[WhiteTeam "Schachgemeinschaft Leipzig"]
[BlackTeam "TuS Coswig 1920"]
[WhiteFideId "16217489"]
[BlackFideId "12985147"]
[EventCountry "GER"]
[EventRounds "7"]
[EventType "team-swiss"]
[EventDate "2012.12.26"]

1. e4 d5 2. exd5 Qxd5 3. Nc3 Qa5 4. d4 Bf5 5. Bc4 c6 6. Nge2 Nf6 7. Ng3 Bg6 8.
O-O e6 9. Bf4 Qd8 10. h4 h6 11. h5 Bh7 12. Re1 Bd6 13. Bxd6 Qxd6 14. d5 cxd5
15. Bxd5 Nc6 16. Nce4 Nxe4 17. Nxe4 Bxe4 18. Bxe4 Qxd1 19. Raxd1 Rd8 20. Kf1
Ke7 21. Bxc6 Rxd1 22. Rxd1 bxc6 23. Ke2 Rd8 24. Rxd8 Kxd8 25. Kd3 Kd7 26. Kd4
Kd6 27. f4 f6 28. b4 a6 29. c4 e5+ 30. fxe5+ fxe5+ 31. Ke4 Ke6 32. a4 Kf6 33.
b5 axb5 34. cxb5 cxb5 35. axb5 Ke6 36. g4 Kd6 37. b6 Kc6 38. Kxe5 Kxb6 39. Ke6
Kc7 40. Kf7 Kd8 41. Kxg7 Ke8 42. Kxh6 Kf7 43. Kh7 Kf6 44. h6 Kg5 45. Kg7 Kxg4
46. h7 Kf4 47. h8=Q Ke4 48. Qh5 Kd4 49. Qf5 Kc4 50. Qe5 Kb3 51. Qc5 Kb2 52. Kf6
Kb3 53. Ke5 Kb2 54. Kd4 Kb3 55. Qc4+ Kb2 56. Kd3 Kb1 57. Qb4+ Kc1 58. Qd2+ Kb1
59. Kc3 Ka1 60. Qb2# 1-0

[Event "DVM U12 2012"]
[Site "Verden/Aller GER"]
[Date "2012.12.28"]
[Round "3"]
[White "Bergauz, Noam"]
[Black "Dittrich, Tom"]
[Result "1-0"]
[Termination "normal"]
[Board "5.1"]
[WhiteElo "1888"]
[BlackElo "1635"]
[WhiteTeam "SK München Südost"]
[BlackTeam "SG Blau-Weiß Stadtilm"]
[WhiteFideId "12938033"]
[BlackFideId "12923532"]
[EventCountry "GER"]
[EventRounds "7"]
[EventType "team-swiss"]
[EventDate "2012.12.26"]

1. e4 c5 2. c4 Nc6 3. Nc3 Nf6 4. g3 d6 5. Bg2 g6 6. Nge2 Bg7 7. O-O O-O 8. d3
a6 9. h3 Rb8 10. f4 b5 11. e5 dxe5 12. Bxc6 Bxh3 13. Bg2 Bxg2 14. Kxg2 exf4 15.
Nxf4 e6 16. cxb5 axb5 17. Be3 Qd6 18. Qf3 Qe7 19. Rac1 Rfc8 20. Rc2 c4 21. d4
Rd8 22. Rcf2 Rb7 23. g4 g5 24. Nh3 h6 25. Nxg5 1-0

[Event "DVM U12 2012"]
[Site "Verden/Aller GER"]
[Date "2012.12.28"]
[Round "3"]
[White "Schramm, Moritz"]
[Black "Huber, Benedikt"]
[Result "0-1"]
[Termination "normal"]
[Board "5.2"]
[WhiteElo "1441"]
[BlackElo "1445"]
[WhiteTeam "SG Blau-Weiß Stadtilm"]
[BlackTeam "SK München Südost"]
[WhiteFideId "12923508"]
[BlackFideId "12923583"]
[EventCountry "GER"]
[EventRounds "7"]
[EventType "team-swiss"]
[EventDate "2012.12.26"]

1. e4 e6 2. Nf3 d5 3. d3 dxe4 4. dxe4 Qxd1+ 5. Kxd1 Nf6 6. Nbd2 Bc5 7. h3 Bxf2
8. b3 Bc5 9. Bb2 Nbd7 10. Bc4 b6 11. Rf1 Bb7 12. Bd3 O-O-O 13. a4 h6 14. a5 Kb8
15. a6 Ba8 16. Bc3 Be7 17. Rb1 Nc5 18. e5 Nd5 19. Bd4 Nb4 20. Bxc5 Bxc5 21. Be2
Be3 22. c3 Bxf3 23. Rxf3 Rxd2+ 24. Ke1 Nc2+ 25. Kf1 Rf8 26. h4 Bc5 27. g3 Ne3+
28. Ke1 Ra2 29. b4 Nc2+ 30. Kf1 Be7 31. Bd3 f5 32. Bc4 Ra3 33. Bxe6 Nxb4 34.
Rc1 Nxa6 35. Rxf5 Rxf5+ 36. Bxf5 Ra5 37. Re1 Rc5 38. Re3 Kb7 39. h5 Nb8 40. g4
a5 41. Bc2 b5 42. Bb3 a4 43. Ba2 Nc6 44. e6 Re5 45. Rd3 Bd6 46. Rf3 Rg5 47. Rf5
Rxf5+ 48. gxf5 b4 49. cxb4 Nxb4 50. Bb1 a3 0-1

[Event "DVM U12 2012"]
[Site "Verden/Aller GER"]
[Date "2012.12.28"]
[Round "3"]
[White "Bergauz, Igal"]
[Black "Adler, Jakob"]
[Result "1/2-1/2"]
[Termination "normal"]
[Board "5.3"]
[WhiteElo "1311"]
[BlackElo "1176"]
[WhiteTeam "SK München Südost"]
[BlackTeam "SG Blau-Weiß Stadtilm"]
[WhiteFideId "12977284"]
[EventCountry "GER"]
[EventRounds "7"]
[EventType "team-swiss"]
[EventDate "2012.12.26"]

1. e4 c5 2. c4 d6 3. Nc3 Nc6 4. g3 Nf6 5. Bg2 e6 6. Nge2 Be7 7. O-O O-O 8. a3
a6 9. Rb1 a5 10. d3 b6 11. f4 Bb7 12. Qa4 Qc8 13. h3 Rd8 14. g4 Qd7 15. g5 Ne8
16. Qb3 Rab8 17. Qd1 Bf8 18. f5 exf5 19. exf5 Ne5 20. Nd5 Bxd5 21. Bxd5 Nc7 22.
Nc3 Nxd5 23. Nxd5 b5 24. cxb5 Qxb5 25. d4 cxd4 26. Qxd4 Qb3 27. Ne3 Re8 28. Qd5
Qxd5 29. Nxd5 Nd3 30. Bd2 Rxb2 31. Rxb2 Nxb2 32. Nf4 Rd8 33. Bxa5 Rd7 34. Re1
Be7 35. Nd5 Kf8 36. f6 gxf6 37. gxf6 Bd8 38. Bb4 Nc4 39. Rc1 Nb6 40. Nxb6 Bxb6+
41. Kg2 Ke8 42. Rc6 Bc7 43. Kf3 d5 44. Ke3 Be5 45. Be7 Rc7 46. Rxc7 Bxc7 47.
Kd4 Kd7 48. Kxd5 Ba5 49. h4 h5 50. Bb4 Bc7 51. a4 Bg3 52. a5 Kc7 53. a6 Bxh4
54. a7 Kb7 55. Bc3 Bg5 56. Be5 h4 57. Kd6 h3 58. Ke7 Kxa7 59. Kxf7 Bxf6 60.
Kxf6 h2 61. Bxh2 1/2-1/2